Beyond Flattery: Legitimating political participation in a Ming living shrine (Record no. 1318757)

MARC details
000 -LEADER
fixed length control field 00574nam a2200193Ia 4500
005 - DATE AND TIME OF LATEST TRANSACTION
control field 20250507130300.0
008 - FIXED-LENGTH DATA ELEMENTS--GENERAL INFORMATION
fixed length control field 008 250505s9999 xx 000 0 eng d
037 ## - SOURCE OF ACQUISITION
Stock number Series Article
040 ## - CATALOGING SOURCE
Original cataloging agency EASL
Language of cataloging eng
Transcribing agency EASL
041 ## - LANGUAGE CODE
Language code of text/sound track or separate title eng
Source of code eng
084 ## - COLON CLASSIFICATION NUMBER
Assigning agency EASL
100 ## - MAIN ENTRY--PERSONAL NAME
Personal name Schneewind Sarah
9 (RLIN) 670943
245 #0 - TITLE STATEMENT
Title Beyond Flattery: Legitimating political participation in a Ming living shrine
260 ## - PUBLICATION, DISTRIBUTION, ETC.
Place of publication, distribution, etc. USA
Name of publisher, distributor, etc. Ann Arbor Association of Asian Studies USA
Date of publication, distribution, etc. 2013
300 ## - PHYSICAL DESCRIPTION
Extent 345- 366p.
650 ## - SUBJECT ADDED ENTRY--TOPICAL TERM
Topical term or geographic name entry element Politics
942 ## - ADDED ENTRY ELEMENTS (KOHA)
Koha item type

No items available.

Copyright @ Delhi University Library System